|
|
|
|
| LEADER |
00652cam a2200217 7i4500 |
| 001 |
0000006646 |
| 005 |
20160920090000.0 |
| 020 |
|
|
|a 9789620013584 (pbk.)
|
| 020 |
|
|
|a 9620013581 (pbk.)
|
| 090 |
0 |
0 |
|a PE1111
|b .G67 1996
|
| 100 |
1 |
|
|a Gorsuch, Greta
|
| 245 |
1 |
0 |
|a High impact workout
|c Greta Gorsuch, Jerome Schwab.
|
| 260 |
|
|
|a Hong Kong:
|b Longman Asia ELT,
|c 2004.
|
| 300 |
|
|
|a 48 p.:
|b ill.;
|c 28 cm.
|
| 490 |
0 |
|
|a Impact series
|
| 500 |
|
|
|a Originally published: 1996
|
| 500 |
|
|
|a Cover title
|
| 650 |
0 |
0 |
|a English language
|
| 650 |
0 |
0 |
|a English language
|
| 700 |
1 |
|
|a Schwab, Jerome
|
| 999 |
|
|
|a 0000008149
|b BOK
|c OPEN SHELF
|e 1st Floor, Bestari Jaya
|